| 000 | 00373nam a22001577a 4500 | ||
|---|---|---|---|
| 003 | Macl | ||
| 005 | 20241024132844.0 | ||
| 008 | 241024b |||||||| |||| 00| 0 eng d | ||
| 040 | _cMacl | ||
| 082 | _a741.642 | ||
| 100 |
_aSudha murty _982100 |
||
| 245 | _aHow the earth got its beauty | ||
| 260 |
_aHaryana _bRandom house _c2021 |
||
| 650 | _achildren | ||
| 942 |
_2ddc _cBK |
||
| 999 |
_c67646 _d67646 |
||